[Event "Polanica Zdroj op 59th"]
[Site "Polanica Zdroj"]
[Date "2023.08.20"]
[Round "2"]
[White "Barchuk, Irina"]
[Black "Bogdanov, Egor"]
[Result "1/2-1/2"]
[WhiteElo "2049"]
[BlackElo "2397"]
[PlyCount "111"]
[EventDate "2023.08.19"]
[EventType "swiss"]
[EventRounds "9"]
[EventCountry "POL"]
[SourceTitle "CBM 215 Extra"]
[Source "ChessBase"]
[SourceDate "2023.09.30"]
[SourceVersion "1"]
[SourceVersionDate "2023.09.30"]
[SourceQuality "1"]

1. e4 d6 2. d4 g6 3. c4 Bg7 4. Nc3 e5 5. Nf3 exd4 6. Nxd4 Nf6 7. Be2 0-0 8. 0-0 Re8 9. f3 c6 10. Nc2 Na6 11. Bf4 Qb6+ 12. Kh1 Nh5 13. Bxd6 Rd8 14. f4 Qxb2 15. Na4 Rxd6 16. Qxd6 Qxc2 17. Qd8+ Bf8 18. Bd1 Qxc4 19. Bb3 Qxe4 20. f5 Nf4 21. Qg5 Qxf5 22. Qxf4 Qxf4 23. Rxf4 Bf5 24. Bxf7+ Kxf7 25. g4 b5 26. Nb2 Bg7 27. Rb1 Be5 28. Rf3 Nc5 29. gxf5 g5 30. Nd3 Nxd3 31. Rxd3 Kf6 32. Rd7 Bf4 33. Rxh7 Kxf5 34. h4 Kg6 35. Re7 Rh8 36. Re6+ Kf5 37. Rxc6 Rxh4+ 38. Kg1 b4 39. Rc5+ Kg6 40. Rb5 Be3+ 41. Kg2 Bf4 42. R5xb4 Rh2+ 43. Kf3 Rxa2 44. Rxf4 gxf4 45. Kxf4 Kf6 46. Ke4 Rd2 47. Ra1 Rd7 48. Ra6+ Ke7 49. Ke5 Rc7 50. Kd5 Kd7 51. Rd6+ Kc8 52. Rc6 a5 53. Rxc7+ Kxc7 54. Kc5 a4 55. Kb4 a3 56. Kxa3 1/2-1/2

[Event "Krakow op-B 32nd"]
[Site "Krakow"]
[Date "2022.01.02"]
[Round "7"]
[White "Gromovs, Sergejs"]
[Black "Barchuk, Irina"]
[Result "1-0"]
[WhiteElo "2094"]
[BlackElo "2011"]
[PlyCount "57"]
[EventDate "2021.12.27"]
[EventType "swiss"]
[EventRounds "9"]
[EventCountry "POL"]
[SourceTitle "EXT 2023"]
[Source "ChessBase"]
[SourceDate "2022.10.05"]
[SourceVersion "1"]
[SourceVersionDate "2022.10.05"]
[SourceQuality "1"]

1. d4 Nf6 2. Nf3 e6 3. c4 c5 4. d5 b5 5. Bg5 exd5 6. cxd5 d6 7. e4 a6 8. a4 b4 9. Nbd2 Be7 10. Bc4 0-0 11. 0-0 Ra7 12. Bf4 Nh5 13. Be3 Bf6 14. e5 Be7 15. Ne4 Rc7 16. Nfd2 g6 17. exd6 Bxd6 18. Nxd6 Qxd6 19. Ne4 Qb6 20. a5 Qa7 21. d6 Rd8 22. Qb3 Rc6 23. Rac1 Ng7 24. Bxc5 Rxc5 25. Nxc5 Rxd6 26. Ne4 Rd8 27. Rfd1 Rf8 28. Nf6+ Kh8 29. Qxb4 1-0

[Event "Ustron op-B"]
[Site "Ustron"]
[Date "2021.08.14"]
[Round "3"]
[White "Grzesik, Gracjan"]
[Black "Barchuk, Irina"]
[Result "1-0"]
[WhiteElo "2125"]
[BlackElo "2038"]
[PlyCount "89"]
[EventDate "2021.08.13"]
[EventType "swiss"]
[EventRounds "9"]
[EventCountry "POL"]
[SourceTitle "CBM 204 Extra"]
[Source "ChessBase"]
[SourceDate "2021.11.30"]
[SourceVersion "1"]
[SourceVersionDate "2021.11.30"]
[SourceQuality "1"]

1. c4 g6 2. Nc3 Bg7 3. g3 Nf6 4. Bg2 0-0 5. d4 d6 6. e4 e5 7. Nge2 Nc6 8. d5 Ne7 9. 0-0 Nh5 10. Be3 f5 11. Qd2 Kh8 12. f3 Ng8 13. Rac1 b6 14. f4 Bd7 15. Rce1 Rf7 16. fxe5 dxe5 17. exf5 gxf5 18. d6 c6 19. c5 Rb8 20. b4 bxc5 21. Bxc5 a5 22. a3 axb4 23. axb4 Qf8 24. Qa2 Ngf6 25. Qc4 Bh6 26. Nc1 Ng4 27. Nd3 Bg7 28. h3 Nxg3 29. hxg4 Nxf1 30. Rxf1 Qe8 31. gxf5 Rxf5 32. Rxf5 Bxf5 33. Nf2 Ra8 34. Qh4 Ra1+ 35. Kh2 e4 36. Ncxe4 Be5+ 37. Ng3 Ra3 38. Bd4 Bd7 39. Bxe5+ Qxe5 40. Qd8+ Be8 41. Nfe4 Rd3 42. Qf6+ Qxf6 43. Nxf6 Bg6 44. d7 Rd2 45. Nd5 1-0

[Event "Wroclaw op-A"]
[Site "Wroclaw"]
[Date "2021.08.03"]
[Round "4"]
[White "Maksimenko, Andrei Jr"]
[Black "Barchuk, Irina"]
[Result "0-1"]
[WhiteElo "1903"]
[BlackElo "2038"]
[PlyCount "76"]
[EventDate "2021.08.01"]
[EventType "swiss"]
[EventRounds "9"]
[EventCountry "POL"]
[SourceTitle "CBM 203 Extra"]
[Source "ChessBase"]
[SourceDate "2021.09.30"]
[SourceVersion "1"]
[SourceVersionDate "2021.09.30"]
[SourceQuality "1"]

1. e4 c5 2. Nf3 Nc6 3. d4 cxd4 4. Nxd4 Nf6 5. Nc3 d6 6. f3 Qb6 7. Nb3 e6 8. Qe2 a6 9. Be3 Qc7 10. a4 b6 11. Qf2 Nd7 12. Be2 Be7 13. 0-0 0-0 14. f4 Bb7 15. Rad1 Bf6 16. Qe1 Rfd8 17. Bf3 Rac8 18. Qd2 Nc5 19. Nd4 Nxd4 20. Bxd4 e5 21. Bf2 exf4 22. Bg4 Rb8 23. Bd4 Be5 24. Rxf4 Bxf4 25. Qxf4 Ne6 26. Bxe6 fxe6 27. Qf2 Bc6 28. b4 Be8 29. Qg3 Bg6 30. h4 Rd7 31. Qg4 e5 32. Nd5 Qxc2 33. h5 exd4 34. hxg6 Rf8 35. gxh7+ Kh8 36. Kh2 Rdf7 37. Rxd4 g6 38. Rd1 Rxh7+ 0-1

[Event "Wroclaw op-A"]
[Site "Wroclaw"]
[Date "2021.08.01"]
[Round "2"]
[White "Schletter, Felix"]
[Black "Barchuk, Irina"]
[Result "1/2-1/2"]
[WhiteElo "1759"]
[BlackElo "2038"]
[PlyCount "89"]
[EventDate "2021.08.01"]
[EventType "swiss"]
[EventRounds "9"]
[EventCountry "POL"]
[SourceTitle "CBM 203 Extra"]
[Source "ChessBase"]
[SourceDate "2021.09.30"]
[SourceVersion "1"]
[SourceVersionDate "2021.09.30"]
[SourceQuality "1"]

1. e4 c5 2. Nf3 g6 3. d4 cxd4 4. Qxd4 Nf6 5. Nc3 Nc6 6. Qa4 d6 7. e5 Ng4 8. Bf4 Bg7 9. exd6 0-0 10. Bg3 exd6 11. 0-0-0 Qb6 12. Qb3 Be6 13. Nd5 Qc5 14. Qa3 Bxd5 15. Qxc5 Bh6+ 16. Qe3 Bxe3+ 17. fxe3 Nxe3 18. Rd3 Nxf1 19. Rxd5 Nxg3 20. hxg3 Rfd8 21. Rhd1 Kg7 22. Rxd6 Rxd6 23. Rxd6 Rd8 24. Rxd8 Nxd8 25. Kd2 Kf6 26. g4 Nc6 27. c3 Ne5 28. Nxe5 Kxe5 29. Ke3 f5 30. gxf5 Kxf5 31. a4 h5 32. b4 g5 33. c4 h4 34. c5 g4 35. b5 h3 36. gxh3 gxh3 37. Kf3 Ke6 38. a5 Kd7 39. Kg3 a6 40. bxa6 bxa6 41. Kxh3 Kc6 42. Kg2 Kxc5 43. Kf2 Kb4 44. Ke1 Kxa5 45. Kd1 1/2-1/2